| 000 | 00329nam a22001217a 4500 | ||
|---|---|---|---|
| 008 | 160422b xxu||||| |||| 00| 0 eng d | ||
| 020 | _a9780323008945 | ||
| 020 | _a0323008941 | ||
| 041 | _aeng | ||
| 080 | _a618.2 | ||
| 245 |
_aNursing interventions classification NIC: _cJoanne C. MeCloskey; Gloria M. Bulechek; |
||
| 942 |
_2udc _cBK |
||
| 999 |
_c1524 _d1524 |
||